00507nam a2200193 a 4500001001300000003000900013005001700022008004100039020001000080082001700090100001900107245004100126260004300167300000900210500003500219505001900254650002100273700001900294nice12345678IN_TiNIC20260116012105.0050524s1972 sima grp 000 0 eng  ac10000a220.15bSTA1 aStanton, Don E aNow and the Near, Future Prophesied. aSimlabBhavani Stereotypic Pressc1972 a158p aincludes index and biblioraphy2 aV1 And V3 Only aBible-Prophecies1 aStanton, Don E